000 00353nam a2200133Ia 4500
008 100328s9999 xx 000 0 und d
082 _b37597
100 _aरानडे जयंत
245 _aडबल मर्डर
260 _bपुजा
630 _aडबल मर्डर
730 _aडबल मर्डर
942 _cBOOK
999 _c526990
_d526987